| 000 | 01082nam a22002535i 4500 | ||
|---|---|---|---|
| 001 | 165559 | ||
| 003 | ES-MaACL | ||
| 005 | 20250627063658.0 | ||
| 008 | 990908s1864 sp ab |||| | spa d | ||
| 040 |
_aEUS _bspa _cEUS |
||
| 080 | _a908(460.154) | ||
| 080 | _a94(460.154)".../1860" | ||
| 100 | 1 |
_aSoraluce y Zubizarreta, Nicolás de, _d1820-1884 _9132822 |
|
| 245 | 1 | 0 |
_aHistoria de la M. N. y M. L. provincia de Guipúzcoa _b: precedida de la guia descriptiva y plano de la misma / _cpor... Nicolás de Soraluce. |
| 260 |
_aMadrid : _b[s.n.], _c1864 ( _fEstablecimiento Tipografico a cargo de D. Joaquin Bernat...) |
||
| 300 |
_aXIII, 408 p., [1] h. de map. pleg. ; _c18 cm. |
||
| 597 | _aAntep. | ||
| 599 | _aLa h. de map. tip. representa Guipúzcoa. | ||
| 651 | 4 |
_aGuipúzcoa- _xDescripción. _98811 |
|
| 651 | 4 |
_aGuipúzcoa- _xHistoria. _98813 |
|
| 852 |
_aES-MaACL _jG-1315 _z-- Enc. hol. |
||
| 856 |
_uhttp://bibliotecadigitalhispanica.bne.es:80/webclient/DeliveryManager?pid=1865448&custom_att_2=simple_viewer _zIr a la página |
||
| 999 |
_c165559 _d165559 |
||